Welcome to CU Library Online Public Access Catalogue (OPAC)

The Sociology Project (Record no. 4904)

MARC details
000 -LEADER
fixed length control field 00553nam a22001937a 4500
005 - DATE AND TIME OF LATEST TRANSACTION
control field 20250317175944.0
008 - FIXED-LENGTH DATA ELEMENTS--GENERAL INFORMATION
fixed length control field 250317b |||||||| |||| 00| 0 eng d
020 ## - INTERNATIONAL STANDARD BOOK NUMBER
International Standard Book Number 9780133768916
050 ## - LIBRARY OF CONGRESS CALL NUMBER
Classification number HM585
Item number .M35 MAN
100 ## - MAIN ENTRY--PERSONAL NAME
Personal name Manza Jeff
245 ## - TITLE STATEMENT
Title The Sociology Project
Statement of responsibility, etc. Jeff Manza, Richard Arum & Lynne Haney et al.
260 ## - PUBLICATION, DISTRIBUTION, ETC.
Place of publication, distribution, etc. Ontario
Name of publisher, distributor, etc. Pearson Canada Inc
Date of publication, distribution, etc. 2018
300 ## - PHYSICAL DESCRIPTION
Extent xix. 652p.
Other physical details ill. (some col.)
Dimensions 24 cm
500 ## - GENERAL NOTE
General note Includes Index
650 ## - SUBJECT ADDED ENTRY--TOPICAL TERM
Source of heading or term Sociology
700 ## - ADDED ENTRY--PERSONAL NAME
Personal name Arum Richard
700 ## - ADDED ENTRY--PERSONAL NAME
Personal name Haney Lynne
942 ## - ADDED ENTRY ELEMENTS (KOHA)
Source of classification or shelving scheme Library of Congress Classification
Koha item type Books
Suppress in OPAC No
999 ## -
-- 4904
-- 4904
Holdings
Withdrawn status Lost status Source of classification or shelving scheme Damaged status Not for loan Collection Home library Current library Shelving location Date acquired Total checkouts Full call number Barcode Date last seen Copy number Price effective from Koha item type
    Library of Congress Classification     Non-fiction Business Library (Miotso) Business Library (Miotso) General stacks 03/17/2025   HM585 .M35 MAN BSSM00001433 03/17/2025 1 03/17/2025 Books
© 2023-2024 Copyright: Central University Libraries. All Rights Reserved | Created by: Mahone Tech Office